[Event "Douglas Livie Memorial e-mail 2004"]
[Site "Scottish CCA"]
[Date "2004.06.14"]
[Round "?"]
[White "Geider, Frank"]
[Black "Brown, Dr.  Alan C"]
[Result "1/2-1/2"]
[WhiteElo "2412"]
[BlackElo "2393"]
[PlyCount "51"]
[EventDate "2004.06.14"]
[Source "SCCA"]
[SourceDate "2008.02.08"]

1. e4 c6 2. c4 e5 3. Nc3 Bc5 4. Nf3 d6 5. d4 exd4 6. Nxd4 Nf6 7. Be2 O-O 8. O-O
Re8 9. Nb3 Bb6 10. Bf4 Nxe4 11. Nxe4 Rxe4 12. Bxd6 Nd7 13. Bd3 Re6 14. c5 Bc7
15. Bc4 Rh6 16. Qf3 Rf6 17. Bxc7 Qxc7 18. Qc3 Nf8 19. Nd4 Be6 20. Bxe6 Nxe6 21.
Rae1 Rd8 22. Re2 Nxd4 23. Qxd4 h6 24. Qc3 Rd5 25. Rfe1 Qd7 26. Qc2 1/2-1/2

[Event "Douglas Livie Memorial e-mail 2004"]
[Site "Scottish CCA"]
[Date "2004.06.14"]
[Round "?"]
[White "Geider, Frank"]
[Black "Craig, Tom James"]
[Result "1/2-1/2"]
[WhiteElo "2412"]
[BlackElo "2403"]
[PlyCount "53"]
[EventDate "2004.06.14"]
[Source "SCCA"]
[SourceDate "2008.02.08"]

1. e4 c5 2. Nc3 Nc6 3. f4 g6 4. Nf3 Bg7 5. Bb5 Nd4 6. a4 a6 7. Bc4 e6 8. e5 d5
9. exd6 Nh6 10. d3 Nhf5 11. Ne4 Nxd6 12. c3 N4f5 13. Bb3 b6 14. a5 O-O 15. O-O
Qc7 16. Nxd6 Qxd6 17. axb6 Qxb6 18. Rf2 Bb7 19. Ne5 Rfd8 20. Bc2 Bd5 21. Qe1
Rab8 22. Ra3 Bf6 23. Nc4 Qb7 24. b3 Bh4 25. g3 Be7 26. Ne5 Qb6 27. g4 1/2-1/2

[Event "Douglas Livie Memorial e-mail 2004"]
[Site "Scottish CCA"]
[Date "2004.06.14"]
[Round "?"]
[White "Geider, Frank"]
[Black "Halme, Olavi"]
[Result "1-0"]
[WhiteElo "2412"]
[BlackElo "2240"]
[PlyCount "55"]
[EventDate "2004.06.14"]
[Source "SCCA"]
[SourceDate "2008.02.08"]

1. e4 e5 2. d4 exd4 3. Nf3 Nc6 4. Nxd4 Bc5 5. Nb3 Bb6 6. Qe2 d6 7. Nc3 Be6 8.
Be3 Nf6 9. O-O-O Ng4 10. Bxb6 axb6 11. h3 Nge5 12. f4 Nd7 13. Kb1 O-O 14. Qf2
Ra7 15. a3 f6 16. Nd4 Bf7 17. Nf5 Ne7 18. g4 Ra5 19. Qg3 Kh8 20. h4 Nc5 21. h5
Qd7 22. Rg1 Nc6 23. Be2 Qd8 24. Qf3 Rg8 25. Nd5 Ra4 26. g5 Bxd5 27. exd5 Ne7
28. Nxg7 1-0

[Event "Douglas Livie Memorial e-mail 2004"]
[Site "Scottish CCA"]
[Date "2004.06.14"]
[Round "?"]
[White "Geider, Frank"]
[Black "Lambert, Grant R"]
[Result "1/2-1/2"]
[WhiteElo "2412"]
[BlackElo "2386"]
[PlyCount "61"]
[EventDate "2004.06.14"]
[Source "SCCA"]
[SourceDate "2008.02.08"]

1. e4 c5 2. Nc3 Nc6 3. f4 g6 4. Nf3 Bg7 5. Bb5 Nd4 6. a4 a6 7. Bc4 e6 8. e5 d5
9. exd6 Qxd6 10. d3 Nf6 11. a5 O-O 12. Nxd4 cxd4 13. Na4 Bd7 14. Nb6 Rad8 15.
Nxd7 Rxd7 16. O-O Nd5 17. Bd2 Qc5 18. Qe1 Rc8 19. Rf3 Bf6 20. Qe2 Nb4 21. Rc1
Re7 22. g4 Nd5 23. Qe1 Bg7 24. Qh4 Ne3 25. Bxe3 dxe3 26. c3 e2+ 27. Kg2 Rce8
28. Re1 Qxa5 29. Rxe2 b5 30. Bd5 Qc7 31. Bb3 1/2-1/2

[Event "Douglas Livie Memorial e-mail 2004"]
[Site "Scottish CCA"]
[Date "2004.06.14"]
[Round "?"]
[White "Geider, Frank"]
[Black "Mackintosh, Iain"]
[Result "1-0"]
[WhiteElo "2412"]
[BlackElo "2328"]
[PlyCount "63"]
[EventDate "2004.06.14"]
[Source "SCCA"]
[SourceDate "2008.02.08"]

1. e4 e5 2. d4 exd4 3. Nf3 Nc6 4. Nxd4 Bb4+ 5. c3 Bc5 6. Nxc6 bxc6 7. Bd3 d6 8.
O-O Nf6 9. Bg5 h6 10. Bf4 O-O 11. Nd2 Re8 12. h3 a5 13. Bg3 Nd7 14. Nf3 Qf6 15.
Re1 Ba6 16. Bh4 Qg6 17. Bc2 Ne5 18. Nd4 Rab8 19. b3 Bb6 20. Kh2 c5 21. Nf5 Qe6
22. f4 Ng6 23. Qg4 c4 24. e5 dxe5 25. Nxh6+ gxh6 26. f5 Qc8 27. Rf1 Rf8 28. Qh5
Nxh4 29. f6 Be3 30. Qxh4 cxb3 31. axb3 Bb7 32. Ra4 1-0

[Event "Douglas Livie Memorial e-mail 2004"]
[Site "Scottish CCA"]
[Date "2004.06.14"]
[Round "?"]
[White "Geider, Frank"]
[Black "Maxwell, Alistair"]
[Result "1-0"]
[WhiteElo "2412"]
[BlackElo "2081"]
[PlyCount "28"]
[EventDate "2004.06.14"]
[Source "SCCA"]
[SourceDate "2008.02.08"]

1. e4 e5 2. d4 exd4 3. Nf3 Nc6 4. Nxd4 Nf6 5. Nxc6 bxc6 6. e5 Qe7 7. Qe2 Nd5 8.
c4 Nb6 9. Nc3 Qe6 10. Qe4 Ba6 11. b3 O-O-O 12. Bb2 Bb7 13. O-O-O d5 14. exd6
Bxd6 1-0

[Event "Douglas Livie Memorial e-mail 2004"]
[Site "Scottish CCA"]
[Date "2004.06.14"]
[Round "?"]
[White "Halme, Olavi"]
[Black "Brown, Dr.  Alan C"]
[Result "0-1"]
[WhiteElo "2240"]
[BlackElo "2393"]
[PlyCount "64"]
[EventDate "2004.06.14"]
[Source "SCCA"]
[SourceDate "2008.02.08"]

1. d4 Nf6 2. c4 c5 3. d5 e6 4. Nc3 exd5 5. cxd5 d6 6. e4 g6 7. Bd3 Bg7 8. Nge2
O-O 9. O-O b6 10. a4 Na6 11. h3 Nb4 12. Bb1 Ba6 13. Bg5 h6 14. Be3 Nd7 15. f4
Bc4 16. Qd2 Re8 17. Re1 Nf6 18. Ng3 a5 19. Bf2 Rc8 20. Nf1 Qd7 21. Ne3 Ba6 22.
Ra3 Qe7 23. b3 Nh5 24. g3 Qf6 25. Ned1 g5 26. Ne2 Qg6 27. f5 Qh7 28. Kg2 Qh8
29. Ng1 Rc7 30. Re3 Nf6 31. Nf3 Rce7 32. Qe1 Nxe4 0-1

[Event "Douglas Livie Memorial e-mail 2004"]
[Site "Scottish CCA"]
[Date "2004.06.14"]
[Round "?"]
[White "Halme, Olavi"]
[Black "Lambert, Grant R"]
[Result "1-0"]
[WhiteElo "2240"]
[BlackElo "2386"]
[PlyCount "83"]
[EventDate "2004.06.14"]
[Source "SCCA"]
[SourceDate "2008.02.08"]

1. d4 Nf6 2. c4 g6 3. Nc3 Bg7 4. e4 d6 5. Be2 O-O 6. Bg5 Na6 7. Qd2 Qe8 8. f3
e5 9. d5 Nh5 10. Bd1 f5 11. Nge2 Bd7 12. a3 Nf6 13. exf5 gxf5 14. Bc2 Kh8 15.
b4 Qf7 16. O-O-O Ne8 17. f4 Rc8 18. fxe5 dxe5 19. c5 Nf6 20. g3 Rce8 21. Rhf1
e4 22. h3 Nb8 23. Be3 c6 24. d6 Qc4 25. Bh6 b6 26. Bxg7+ Kxg7 27. Qg5+ Kh8 28.
Kb2 Qe6 29. Bb3 Qe5 30. cxb6 axb6 31. Nf4 Rg8 32. Qh4 Rg7 33. Bf7 Rf8 34. Ng6+
Rxg6 35. Bxg6 Rg8 36. Bxf5 Rxg3 37. Rc1 Bxf5 38. Rxf5 Rg2+ 39. Rf2 Rxf2+ 40.
Qxf2 Nbd7 41. Qg2 Qxd6 42. Rg1 1-0

[Event "Douglas Livie Memorial e-mail 2004"]
[Site "Scottish CCA"]
[Date "2004.06.14"]
[Round "?"]
[White "Halme, Olavi"]
[Black "Mackintosh, Iain"]
[Result "1/2-1/2"]
[WhiteElo "2240"]
[BlackElo "2328"]
[PlyCount "61"]
[EventDate "2004.06.14"]
[Source "SCCA"]
[SourceDate "2008.02.08"]

1. d4 Nf6 2. c4 e6 3. g3 c5 4. Nf3 cxd4 5. Nxd4 d5 6. Bg2 e5 7. Nf3 e4 8. Nd4
dxc4 9. O-O Bc5 10. Qa4+ Qd7 11. Nb5 O-O 12. Qxc4 Qc6 13. Nd4 Be6 14. Qxe6 Bxd4
15. Qxc6 Nxc6 16. e3 Bb6 17. b3 Rfe8 18. Bb2 Nd5 19. Nc3 Nxc3 20. Bxc3 f5 21.
Rfd1 Rad8 22. Bf1 Kf7 23. Bc4+ Kg6 24. Bd5 Bc5 25. Rab1 Rc8 26. b4 Bf8 27. Kg2
h5 28. h4 Ne7 29. Bb2 Nxd5 30. Rxd5 b6 31. a3 1/2-1/2

[Event "Douglas Livie Memorial e-mail 2004"]
[Site "Scottish CCA"]
[Date "2004.06.14"]
[Round "?"]
[White "Halme, Olavi"]
[Black "Maxwell, Alistair"]
[Result "1-0"]
[WhiteElo "2240"]
[BlackElo "2081"]
[PlyCount "63"]
[EventDate "2004.06.14"]
[Source "SCCA"]
[SourceDate "2008.02.08"]

1. d4 Nf6 2. c4 e6 3. g3 d5 4. Nf3 Be7 5. Bg2 O-O 6. O-O dxc4 7. Ne5 Nc6 8.
Bxc6 bxc6 9. Nxc6 Qe8 10. Nxe7+ Qxe7 11. Qa4 e5 12. dxe5 Qxe5 13. Qxc4 Be6 14.
Qd3 Rad8 15. Qe3 Qh5 16. f3 Bc4 17. Nc3 Rfe8 18. Qg5 Qh3 19. Be3 Bxe2 20. Nxe2
Rd5 21. Qf4 Rde5 22. Bxa7 Rxe2 23. Bf2 Rxb2 24. a4 c5 25. a5 Qc8 26. a6 Qc6 27.
a7 Nd7 28. Rfe1 Ra8 29. Re7 Qd5 30. Qe4 Qxe4 31. fxe4 Nf8 32. Bxc5 1-0

[Event "Douglas Livie Memorial e-mail 2004"]
[Site "Scottish CCA"]
[Date "2004.06.14"]
[Round "?"]
[White "Halme, Olavi"]
[Black "Rawlings, Alan JC"]
[Result "1/2-1/2"]
[WhiteElo "2240"]
[BlackElo "2254"]
[PlyCount "48"]
[EventDate "2004.06.14"]
[Source "SCCA"]
[SourceDate "2008.02.08"]

1. d4 Nf6 2. c4 g6 3. Nc3 d5 4. cxd5 Nxd5 5. e4 Nxc3 6. bxc3 Bg7 7. Nf3 c5 8.
Be3 Qa5 9. Qd2 Nc6 10. Rc1 cxd4 11. cxd4 Qxd2+ 12. Kxd2 O-O 13. d5 Rd8 14. Ke1
Na5 15. Bg5 Bd7 16. Bd3 f5 17. Nd2 fxe4 18. Bxe4 Rac8 19. Ke2 Bb5+ 20. Kf3 Kf7
21. g3 Nc4 22. Nxc4 Bxc4 23. d6 Rxd6 24. Bxb7 Rc5 1/2-1/2

[Event "Douglas Livie Memorial e-mail 2004"]
[Site "Scottish CCA"]
[Date "2004.06.14"]
[Round "?"]
[White "Halme, Olavi"]
[Black "Starke, Heiko"]
[Result "1/2-1/2"]
[WhiteElo "2240"]
[BlackElo "2401"]
[PlyCount "123"]
[EventDate "2004.06.14"]
[Source "SCCA"]
[SourceDate "2008.02.08"]

1. d4 f5 2. c4 e6 3. Nc3 Nf6 4. e3 b6 5. Bd3 Bd6 6. Nf3 Bb7 7. b3 O-O 8. Bb2
Ne4 9. a3 Nxc3 10. Bxc3 Qe8 11. Qe2 Qg6 12. O-O a6 13. Ne1 Be7 14. f3 d5 15. b4
Nd7 16. f4 dxc4 17. Bxc4 b5 18. Bd3 Bd6 19. Nf3 Nb6 20. Rac1 Bd5 21. Nd2 Rad8
22. Rfe1 Qh6 23. g3 g5 24. Nf3 gxf4 25. exf4 Rf7 26. Ng5 Rg7 27. Bd2 Qf6 28.
Kf1 Rdd7 29. Qf2 Qh6 30. Rc2 Rg6 31. Bc1 Bf8 32. Be2 Bg7 33. Bf3 Bc4+ 34. Kg2
Bxd4 35. Be3 Bxe3 36. Qxe3 Qg7 37. Bh5 Rd3 38. Qc1 Bd5+ 39. Kf1 Rxg5 40. fxg5
Nc4 41. Rce2 Be4 42. a4 Qe7 43. axb5 axb5 44. g6 hxg6 45. Bxg6 Kg7 46. Rxe4
fxe4 47. Bxe4 Qf6+ 48. Kg1 Qd4+ 49. Kh1 Rd2 50. Qa1 e5 51. Qxd4 exd4 52. Kg1
Kf6 53. h4 Ne3 54. Rb1 d3 55. h5 Kg5 56. Re1 Nc4 57. Rf1 Kxh5 58. Rf7 Nd6 59.
Bf3+ Kg5 60. Rxc7 Kf6 61. Rc5 Rb2 62. Rd5 1/2-1/2

[Event "Douglas Livie Memorial e-mail 2004"]
[Site "Scottish CCA"]
[Date "2004.06.14"]
[Round "?"]
[White "Lambert, Grant R"]
[Black "Berthelsen, Roald "]
[Result "1/2-1/2"]
[WhiteElo "2386"]
[BlackElo "2180"]
[PlyCount "38"]
[EventDate "2004.06.14"]
[Source "SCCA"]
[SourceDate "2008.02.08"]

1. e4 e5 2. Nf3 Nc6 3. Bb5 Bb4 4. O-O Nge7 5. d4 exd4 6. Nxd4 O-O 7. Bg5 f6 8.
Be3 Kh8 9. c3 Ba5 10. Nd2 Bb6 11. Qh5 Nxd4 12. Bxd4 Bxd4 13. cxd4 d5 14. Rfe1
dxe4 15. Rxe4 Nf5 16. Nb3 g6 17. Qe2 Nd6 18. Re3 Nf5 19. Re4 Nd6 1/2-1/2

[Event "Douglas Livie Memorial e-mail 2004"]
[Site "Scottish CCA"]
[Date "2004.06.14"]
[Round "?"]
[White "Lambert, Grant R"]
[Black "Borwell, Alan P"]
[Result "1-0"]
[WhiteElo "2386"]
[BlackElo "2229"]
[PlyCount "71"]
[EventDate "2004.06.14"]
[Source "SCCA"]
[SourceDate "2008.02.08"]

1. e4 c5 2. Nf3 d6 3. d4 cxd4 4. Nxd4 Nf6 5. Nc3 a6 6. Be3 Ng4 7. Bg5 h6 8. Bh4
g5 9. Bg3 Bg7 10. Qd2 Nc6 11. Nb3 Nge5 12. a4 Be6 13. Nd5 Rc8 14. Be2 f5 15.
exf5 Bxf5 16. O-O O-O 17. f4 Nf7 18. Rae1 e6 19. Ne3 gxf4 20. Bxf4 Bg6 21. Bg4
Re8 22. Kh1 Nfe5 23. Be2 d5 24. a5 b5 25. axb6 Qxb6 26. Ng4 Nxg4 27. Bxg4 Kh7
28. Bxe6 Rcd8 29. Bg3 Qb4 30. Qd1 Nd4 31. Nxd4 Qxd4 32. Qxd4 Bxd4 33. Bc7 Bxc2
34. Bxd8 Rxd8 35. Re2 Be4 36. Bf5+ 1-0

[Event "Douglas Livie Memorial e-mail 2004"]
[Site "Scottish CCA"]
[Date "2004.06.14"]
[Round "?"]
[White "Lambert, Grant R"]
[Black "Martin Molinero, Raul"]
[Result "1/2-1/2"]
[WhiteElo "2386"]
[BlackElo "2356"]
[PlyCount "191"]
[EventDate "2004.06.14"]
[Source "SCCA"]
[SourceDate "2008.02.08"]

1. e4 c6 2. d4 d5 3. e5 Qb6 4. Nf3 Bg4 5. Be2 e6 6. O-O Ne7 7. Nbd2 Qc7 8. c4
dxc4 9. Nxc4 Nd5 10. Ng5 Bf5 11. Bh5 Bg6 12. Qf3 Qd7 13. Bxg6 hxg6 14. Ne4 Na6
15. Bg5 Nb6 16. Ncd6+ Bxd6 17. Nxd6+ Kf8 18. Rfd1 Rb8 19. Rac1 Kg8 20. Qg4 Nc7
21. Rd3 Nc8 22. Ne4 Nd5 23. Ra3 Qc7 24. Nc5 a6 25. Rg3 Rh7 26. a3 Nce7 27. Qe2
Nf5 28. Rd3 Rh8 29. g4 Nfe7 30. Qf3 Nc8 31. Qg3 Nce7 32. Qg2 Nc8 33. b3 Nce7
34. Bd2 Rd8 35. Ne4 f5 36. exf6 gxf6 37. g5 f5 38. Nc5 Re8 39. Rh3 Rxh3 40.
Qxh3 Nc8 41. Qh6 Qf7 42. Re1 Nd6 43. Bc1 Re7 44. Qh3 a5 45. Nd3 Qf8 46. Qg3 Qd8
47. Nc5 b6 48. Nd3 Nf7 49. h4 Re8 50. Kg2 Kg7 51. Kf1 Qe7 52. a4 Qd8 53. Ba3
Qc8 54. h5 gxh5 55. g6 Nh6 56. Bc1 Ng4 57. f3 Ngf6 58. Kg2 Rh8 59. Qh4 Kxg6 60.
Qg5+ Kf7 61. Ne5+ Kf8 62. Kh1 Rg8 63. Qh6+ Ke7 64. Bg5 Qf8 65. Ng6+ Rxg6 66.
Qxg6 Kd6 67. Kh2 Kd7 68. Kh3 Qe7 69. Re5 Qf8 70. Kh4 Kd6 71. Re1 Qe7 72. Qxh5
Nxh5 73. Bxe7+ Nxe7 74. Kxh5 f4 75. Kg5 Nf5 76. Rd1 Kd5 77. Kxf4 Nxd4 78. Ke3
e5 79. Rd2 Ke6 80. Rd3 Kf5 81. Rc3 c5 82. Rc1 Nxb3 83. Rh1 c4 84. Rh5+ Ke6 85.
Rh6+ Kd5 86. Rxb6 Nd4 87. Ra6 Nb3 88. Ra8 Kd6 89. Rd8+ Ke6 90. Rh8 Kd5 91. Rb8
Kc5 92. Rb5+ Kd6 93. Rb7 Kd5 94. Rd7+ Kc6 95. Rd8 Nc5 96. Ra8 1/2-1/2

[Event "Douglas Livie Memorial e-mail 2004"]
[Site "Scottish CCA"]
[Date "2004.06.14"]
[Round "?"]
[White "Lambert, Grant R"]
[Black "Pyrich, George"]
[Result "1-0"]
[WhiteElo "2386"]
[BlackElo "2373"]
[PlyCount "89"]
[EventDate "2004.06.14"]
[Source "SCCA"]
[SourceDate "2008.02.08"]

1. e4 c5 2. Nf3 e6 3. d4 cxd4 4. Nxd4 Nc6 5. Nc3 Qc7 6. Be3 a6 7. a3 Nf6 8. f4
d6 9. Be2 Be7 10. g4 e5 11. Nxc6 Qxc6 12. Bf3 h6 13. g5 hxg5 14. fxg5 Nd7 15.
Nd5 Nc5 16. Qe2 Be6 17. O-O-O Bxd5 18. exd5 Qc7 19. Bg4 b5 20. g6 fxg6 21. Qg2
Bf6 22. h4 Ke7 23. Be2 Qb6 24. Bd2 Qb7 25. Bb4 Rac8 26. Kb1 Qb6 27. Qxg6 a5 28.
Bd2 b4 29. axb4 axb4 30. Bg5 Rcg8 31. Rdf1 Kd8 32. Rxf6 gxf6 33. Bxf6+ Kc7 34.
Qf7+ Kb8 35. Bxh8 Rxh8 36. Rg1 b3 37. cxb3 Nxb3 38. Rg8+ Rxg8 39. Qxg8+ Kb7 40.
Qf7+ Kb8 41. Qe8+ Kc7 42. Bd1 Nd2+ 43. Kc1 Nc4 44. Qc6+ Qxc6 45. dxc6 1-0

[Event "Douglas Livie Memorial e-mail 2004"]
[Site "Scottish CCA"]
[Date "2004.06.14"]
[Round "?"]
[White "Lambert, Grant R"]
[Black "Rawlings, Alan JC"]
[Result "1/2-1/2"]
[WhiteElo "2386"]
[BlackElo "2254"]
[PlyCount "59"]
[EventDate "2004.06.14"]
[Source "SCCA"]
[SourceDate "2008.02.08"]

1. e4 c5 2. Nf3 Nc6 3. Bb5 e6 4. O-O Nge7 5. Re1 Nd4 6. Nxd4 cxd4 7. c3 Nc6 8.
Qg4 h5 9. Qe2 Bd6 10. d3 Qh4 11. h3 g5 12. e5 Be7 13. Nd2 g4 14. Qe4 f5 15.
exf6 Qxf6 16. hxg4 dxc3 17. bxc3 hxg4 18. Qxg4 Qxc3 19. Rb1 Qf6 20. Nf3 Qf7 21.
Bb2 Rh6 22. Kf1 d6 23. Qg7 Qxg7 24. Bxg7 Rh1+ 25. Ke2 Rxe1+ 26. Rxe1 a6 27. Ba4
e5 28. Rh1 Kf7 29. Bh6 b5 30. Bb3+ 1/2-1/2

[Event "Douglas Livie Memorial e-mail 2004"]
[Site "Scottish CCA"]
[Date "2004.06.14"]
[Round "?"]
[White "Lambert, Grant R"]
[Black "Starke, Heiko"]
[Result "1/2-1/2"]
[WhiteElo "2386"]
[BlackElo "2401"]
[PlyCount "48"]
[EventDate "2004.06.14"]
[Source "SCCA"]
[SourceDate "2008.02.08"]

1. e4 c5 2. Nf3 d6 3. d4 cxd4 4. Nxd4 Nf6 5. Nc3 a6 6. Be3 e5 7. Nb3 Be6 8. f3
Nbd7 9. Qd2 b5 10. O-O-O Be7 11. g4 Nb6 12. g5 Nfd7 13. Nd5 Bxd5 14. exd5 Rc8
15. h4 Nc4 16. Qe1 Qc7 17. Bd3 Ndb6 18. Bxb6 Qxb6 19. Bxc4 bxc4 20. Qc3 h6 21.
f4 hxg5 22. hxg5 Rxh1 23. Rxh1 Qf2 24. fxe5 Bxg5+ 1/2-1/2

[Event "Douglas Livie Memorial e-mail 2004"]
[Site "Scottish CCA"]
[Date "2004.06.14"]
[Round "?"]
[White "Mackintosh, Iain"]
[Black "Berthelsen, Roald "]
[Result "1-0"]
[WhiteElo "2328"]
[BlackElo "2180"]
[PlyCount "87"]
[EventDate "2004.06.14"]
[Source "SCCA"]
[SourceDate "2008.02.08"]

1. e4 e5 2. Nf3 Nc6 3. Bb5 f5 4. Nc3 fxe4 5. Nxe4 Nf6 6. Nxf6+ Qxf6 7. Qe2 Be7
8. Bxc6 dxc6 9. Nxe5 Bf5 10. O-O O-O 11. d4 Bd6 12. c3 Rae8 13. Bf4 c5 14. Rfe1
cxd4 15. cxd4 c6 16. Bg3 Be6 17. Qd2 Rd8 18. Re3 Bd5 19. Rae1 b6 20. b4 Qg5 21.
Qc3 Bxe5 22. Rxe5 Rf5 23. Rxf5 Qxf5 24. a4 Qf6 25. f3 h5 26. Be5 Qg6 27. h3 Rf8
28. Kh2 a6 29. a5 b5 30. Re2 Bc4 31. Re3 Re8 32. Qe1 Bd5 33. Qh4 Kf7 34. Re2
Kg8 35. Re1 Kf7 36. Rg1 Be6 37. g4 hxg4 38. hxg4 Kg8 39. Qh5 Qf7 40. f4 Rf8 41.
Qg5 Bd5 42. Re1 Re8 43. f5 g6 44. Re3 1-0

[Event "Douglas Livie Memorial e-mail 2004"]
[Site "Scottish CCA"]
[Date "2004.06.14"]
[Round "?"]
[White "Mackintosh, Iain"]
[Black "Borwell, Alan P"]
[Result "1-0"]
[WhiteElo "2328"]
[BlackElo "2229"]
[PlyCount "65"]
[EventDate "2004.06.14"]
[Source "SCCA"]
[SourceDate "2008.02.08"]

1. d4 f5 2. g3 Nf6 3. Bg2 g6 4. Nf3 Bg7 5. O-O O-O 6. Nbd2 d6 7. c3 Nc6 8. b4
Qe8 9. Qb3+ Kh8 10. Re1 e5 11. b5 Nd8 12. dxe5 dxe5 13. e4 Be6 14. c4 Nf7 15.
Ba3 Rg8 16. exf5 gxf5 17. Nxe5 Nxe5 18. Rxe5 Ne4 19. Bxe4 Bxe5 20. Bb2 Bxb2 21.
Qxb2+ Rg7 22. Bxb7 Rd8 23. Re1 Qf7 24. Qc3 f4 25. Bc6 fxg3 26. hxg3 h5 27. Re4
Kg8 28. Qe3 Rg6 29. Nf3 Rd1+ 30. Kg2 Qf5 31. Rh4 Rg4 32. Rxg4+ hxg4 33. Nd4 1-0

[Event "Douglas Livie Memorial e-mail 2004"]
[Site "Scottish CCA"]
[Date "2004.06.14"]
[Round "?"]
[White "Mackintosh, Iain"]
[Black "Lambert, Grant R"]
[Result "1-0"]
[WhiteElo "2328"]
[BlackElo "2386"]
[PlyCount "77"]
[EventDate "2004.06.14"]
[Source "SCCA"]
[SourceDate "2008.02.08"]

1. d4 Nf6 2. c4 g6 3. Nc3 Bg7 4. e4 d6 5. h3 O-O 6. Bg5 Qe8 7. Bd3 e5 8. d5 Nh5
9. Qd2 f5 10. exf5 gxf5 11. Nge2 Na6 12. O-O-O Nc5 13. Bc2 Nf6 14. g4 f4 15.
Bh4 Qf7 16. f3 a5 17. Bf2 Nfd7 18. h4 a4 19. Rdg1 a3 20. b3 e4 21. Nxe4 Nxe4
22. Bxe4 Nc5 23. Bc2 b5 24. cxb5 Bb7 25. Rd1 Rae8 26. Rhe1 Re5 27. Nc3 Rxe1 28.
Qxe1 Re8 29. Qd2 Be5 30. Ne4 Nxe4 31. Bxe4 Rb8 32. Kb1 Bc8 33. Qa5 Bb2 34. Rd2
Bg7 35. Qxa3 Rxb5 36. Qa8 Qf8 37. Bd3 Rb4 38. Re2 Bd7 39. Qxf8+ 1-0

[Event "Douglas Livie Memorial e-mail 2004"]
[Site "Scottish CCA"]
[Date "2004.06.14"]
[Round "?"]
[White "Mackintosh, Iain"]
[Black "Maxwell, Alistair"]
[Result "1-0"]
[WhiteElo "2328"]
[BlackElo "2081"]
[PlyCount "71"]
[EventDate "2004.06.14"]
[Source "SCCA"]
[SourceDate "2008.02.08"]

1. e4 e5 2. Nf3 Nc6 3. Bc4 Nf6 4. d4 exd4 5. e5 d5 6. Bb5 Ne4 7. Nxd4 Bc5 8.
Be3 Bd7 9. Bxc6 bxc6 10. O-O Qe7 11. Re1 O-O 12. f3 Ng5 13. Qd2 Ne6 14. Nc3
Nxd4 15. Bxd4 Bb6 16. a3 Rad8 17. b4 Qh4 18. Rad1 Rfe8 19. Na4 Bf5 20. Nc5 Ra8
21. Nb3 Qh5 22. a4 Qg6 23. Rc1 h5 24. a5 Bxd4+ 25. Nxd4 h4 26. Qf4 h3 27. Qg3
Qh7 28. c4 hxg2 29. Nxc6 dxc4 30. Rxc4 Be6 31. Rc3 Qh5 32. f4 Bd5 33. Nd4 Re7
34. f5 Kf8 35. Rc5 Ree8 36. b5 1-0

[Event "Douglas Livie Memorial e-mail 2004"]
[Site "Scottish CCA"]
[Date "2004.06.14"]
[Round "?"]
[White "Mackintosh, Iain"]
[Black "Rawlings, Alan JC"]
[Result "1-0"]
[WhiteElo "2328"]
[BlackElo "2254"]
[PlyCount "89"]
[EventDate "2004.06.14"]
[Source "SCCA"]
[SourceDate "2008.02.08"]

1. d4 Nf6 2. c4 g6 3. Nc3 d5 4. h4 c5 5. dxc5 d4 6. Nb5 e5 7. b4 a6 8. Qa4 Nc6
9. Bg5 Be6 10. Nc7+ Qxc7 11. Bxf6 Rg8 12. Nf3 Bg7 13. Bxg7 Rxg7 14. Rd1 Bxc4
15. e4 Bxf1 16. Kxf1 O-O-O 17. Qb3 Kb8 18. h5 gxh5 19. Rxh5 f6 20. Nh4 Rg5 21.
Rxg5 fxg5 22. Nf5 Rf8 23. Nd6 g4 24. Kg1 Qg7 25. b5 axb5 26. Qxb5 Na7 27. Qb4
Nc6 28. Qb2 g3 29. fxg3 Na5 30. Rd3 Qg5 31. Qc2 Rf6 32. g4 Rg6 33. Rf3 Rg8 34.
Qd1 Qg7 35. Qf1 d3 36. Qxd3 Qxg4 37. Qe2 Qg5 38. Qb2 h5 39. Ra3 h4 40. Rxa5
Qe3+ 41. Qf2 Qc3 42. Rb5 h3 43. Rxb7+ Ka8 44. Rf7 Qc1+ 45. Qf1 1-0

[Event "Douglas Livie Memorial e-mail 2004"]
[Site "Scottish CCA"]
[Date "2004.06.14"]
[Round "?"]
[White "Mackintosh, Iain"]
[Black "Starke, Heiko"]
[Result "1/2-1/2"]
[WhiteElo "2328"]
[BlackElo "2401"]
[PlyCount "100"]
[EventDate "2004.06.14"]
[Source "SCCA"]
[SourceDate "2008.02.08"]

1. e4 c5 2. Nf3 d6 3. d4 cxd4 4. Nxd4 Nf6 5. Nc3 a6 6. Be3 e5 7. Nf3 Be7 8. Bc4
O-O 9. O-O Be6 10. Qe2 b5 11. Bb3 h6 12. Nd2 Nbd7 13. Qf3 Rc8 14. a3 Nc5 15.
Bxe6 fxe6 16. Qh3 Qd7 17. Rad1 Rc7 18. Rfe1 Qc8 19. Bxc5 Rxc5 20. Nb3 Rc6 21.
Re2 Bd8 22. f3 Bb6+ 23. Kh1 Rd8 24. Qg3 d5 25. exd5 exd5 26. Rxe5 d4 27. Ne2
Bc7 28. f4 Bxe5 29. fxe5 Ne4 30. Qf4 Ng5 31. Nexd4 Rxc2 32. Rf1 Rxb2 33. h4 Qb7
34. Qg3 Ne4 35. Qg6 Rxb3 36. Nxb3 Qd5 37. Re1 Qxb3 38. e6 Ng3+ 39. Kh2 Rd4 40.
Qxg3 Qxg3+ 41. Kxg3 Kf8 42. Rf1+ Ke7 43. Rf7+ Kxe6 44. Rxg7 Kf6 45. Rc7 Ra4 46.
Rc3 h5 47. Rb3 Ke5 48. Kh3 Re4 49. g3 Kd4 50. Kg2 Kc4 1/2-1/2

[Event "Douglas Livie Memorial e-mail 2004"]
[Site "Scottish CCA"]
[Date "2004.06.14"]
[Round "?"]
[White "Martin Molinero, Raul"]
[Black "Brown, Dr.  Alan C"]
[Result "1-0"]
[WhiteElo "2356"]
[BlackElo "2393"]
[PlyCount "75"]
[EventDate "2004.06.14"]
[Source "SCCA"]
[SourceDate "2008.02.08"]

1. e4 c6 2. d4 d5 3. f3 dxe4 4. fxe4 e5 5. Nf3 Bg4 6. Bc4 Nd7 7. c3 Bh5 8. Bg5
Qb6 9. Qb3 exd4 10. cxd4 Qxb3 11. Bxb3 h6 12. Bf4 Ngf6 13. Nc3 Bb4 14. O-O g5
15. Bd2 O-O-O 16. Rae1 Ne8 17. Be3 Nd6 18. Nd2 Bg6 19. a3 Bxc3 20. bxc3 Nxe4
21. Nxe4 Bxe4 22. Bxg5 hxg5 23. Rxe4 f6 24. Be6 Rhf8 25. Bg4 Kb8 26. Re6 Rf7
27. h3 Kc7 28. Bh5 Rff8 29. Kh2 Nb6 30. Rexf6 Rxf6 31. Rxf6 Rd5 32. Rf7+ Kb8
33. Bg4 Ra5 34. Rf5 Rxa3 35. Rxg5 Rxc3 36. h4 Nd5 37. h5 Nf6 38. h6 1-0

[Event "Douglas Livie Memorial e-mail 2004"]
[Site "Scottish CCA"]
[Date "2004.06.14"]
[Round "?"]
[White "Martin Molinero, Raul"]
[Black "Craig, Tom James"]
[Result "1-0"]
[WhiteElo "2356"]
[BlackElo "2403"]
[PlyCount "55"]
[EventDate "2004.06.14"]
[Source "SCCA"]
[SourceDate "2008.02.08"]

1. e4 c6 2. d4 d5 3. f3 e6 4. Nc3 Bb4 5. Bf4 Nf6 6. Qd3 b6 7. Nge2 Ba6 8. Qe3
O-O 9. O-O-O Be7 10. Kb1 b5 11. Nc1 b4 12. N3e2 Nbd7 13. h4 c5 14. e5 Ne8 15.
g4 Rc8 16. Bg5 Nb6 17. f4 Bxe2 18. Bxe2 c4 19. f5 a5 20. Rdf1 Nd7 21. Bxe7 Qxe7
22. h5 a4 23. Rhg1 Rc7 24. fxe6 fxe6 25. g5 Rxf1 26. Rxf1 Nf8 27. g6 hxg6 28.
hxg6 1-0

[Event "Douglas Livie Memorial e-mail 2004"]
[Site "Scottish CCA"]
[Date "2004.06.14"]
[Round "?"]
[White "Martin Molinero, Raul"]
[Black "Geider, Frank"]
[Result "1/2-1/2"]
[WhiteElo "2356"]
[BlackElo "2412"]
[PlyCount "52"]
[EventDate "2004.06.14"]
[Source "SCCA"]
[SourceDate "2008.02.08"]

1. e4 e5 2. Nc3 Nf6 3. g3 c6 4. Nge2 Bb4 5. Bg2 d5 6. exd5 cxd5 7. d4 exd4 8.
Qxd4 Nc6 9. Qd3 O-O 10. O-O Re8 11. Bg5 Bg4 12. h3 Bxc3 13. Nxc3 Ne5 14. Qb5
Nf3+ 15. Bxf3 Bxf3 16. Rae1 d4 17. Bxf6 gxf6 18. Rxe8+ Qxe8 19. Qd3 dxc3 20.
Qxf3 cxb2 21. Qxf6 Qb5 22. c4 Qxc4 23. Qxb2 Rd8 24. Qxb7 Qxa2 25. Re1 Qa5 26.
Re7 Qf5 1/2-1/2